000 00342nam a2200145Ia 4500
008 210210b1966 xxu||||| |||| 00| 0 eng d
082 _a973.5 PASS
100 _aPASSOS (John Dos).
245 _aShackles of power.
260 _aNY
_bDoubleday & co.
_c1966
300 _a426
650 _aUSA
690 _aAmerican History
906 _a026652
999 _c78009
_d78009